000 00533nam a2200181Ia 4500
999 _c28371
_d28371
003 OSt
005 20201118111818.0
008 190216s9999||||xx |||||||||||||| ||und||
020 _a9788130000244
040 _coclc
082 _a894.8123
_bPIL/T
100 _aPillai, Thakazhi Shivashankara
_9418
245 0 _aThendivargam /
_cThakazhi Shivashankara Pillai
260 _bPoorna Publications,
_aKozhikode:
_c2003.
300 _a60p
650 _aNovel
942 _cBK
_2ddc
_h894.8123
_iPIL/T
_k894.8123
_mPIL/T